[Event "TUR-chT Clubs"]
[Site "Konya"]
[Date "2019.07.19"]
[Round "6.19"]
[White "Altay, Servet Hakan"]
[Black "Kara, Ibrahim Afsin"]
[Result "1-0"]
[WhiteElo "1463"]
[BlackElo "1900"]
[PlyCount "59"]
[EventDate "2019.07.16"]
[EventType "team-swiss"]
[EventRounds "9"]
[EventCountry "TUR"]
[SourceTitle "CBM 191 Extra"]
[Source "ChessBase"]
[SourceDate "2019.09.30"]
[SourceVersion "1"]
[SourceVersionDate "2019.09.30"]
[SourceQuality "1"]
[WhiteTeam "Altin Cocuklar"]
[BlackTeam "Gambit Dernegi"]
[WhiteTeamCountry "TUR"]
[BlackTeamCountry "TUR"]

1. e4 b6 2. d4 Bb7 3. Nd2 g6 4. Bd3 Bg7 5. c3 d6 6. Ne2 Nd7 7. 0-0 e5 8. f4 exf4 9. Nxf4 Ngf6 10. Qc2 0-0 11. Nf3 Re8 12. Re1 c5 13. Bd2 Qc7 14. e5 dxe5 15. dxe5 Ng4 16. e6 Nde5 17. Ng5 f6 18. Nxh7 f5 19. Bxf5 Rad8 20. Bxg4 Nxg4 21. Qxg6 Re7 22. Ng5 Nf6 23. Rad1 Bc6 24. Qf5 Be8 25. Re3 Nh5 26. Nxh5 Bxh5 27. Qh7+ Kf8 28. Qxh5 Be5 29. Rf1+ Kg8 30. Rf7 1-0

[Event "TUR-chT Clubs"]
[Site "Konya"]
[Date "2019.07.16"]
[Round "1.22"]
[White "Kara, Ibrahim Afsin"]
[Black "Ozgen, Tolga"]
[Result "1-0"]
[WhiteElo "1900"]
[BlackElo "1649"]
[PlyCount "73"]
[EventDate "2019.07.16"]
[EventType "team-swiss"]
[EventRounds "9"]
[EventCountry "TUR"]
[SourceTitle "CBM 191 Extra"]
[Source "ChessBase"]
[SourceDate "2019.09.30"]
[SourceVersion "1"]
[SourceVersionDate "2019.09.30"]
[SourceQuality "1"]
[WhiteTeam "Gambit Dernegi"]
[BlackTeam "Avanos Genclik"]
[WhiteTeamCountry "TUR"]
[BlackTeamCountry "TUR"]

1. e4 Nf6 2. Nc3 d5 3. exd5 Nxd5 4. Qf3 e6 5. Bc4 Nb6 6. Bb3 Nc6 7. d3 Nd4 8. Qg3 Nf5 9. Qg4 h5 10. Qe4 Nd6 11. Qe2 g6 12. Nf3 Bg7 13. Bd2 0-0 14. h4 Nd7 15. 0-0-0 Nc5 16. g4 Nxb3+ 17. axb3 hxg4 18. Ne5 b5 19. h5 gxh5 20. Rxh5 f5 21. Rdh1 Nf7 22. Nxf7 Rxf7 23. Bf4 b4 24. Na4 Bb7 25. R1h2 Qf6 26. Bh6 Raf8 27. Bxg7 Rxg7 28. Nc5 Bc8 29. Qd2 Qd4 30. Rh8+ Kf7 31. Rxf8+ Kxf8 32. Rh8+ Kf7 33. Ne4 fxe4 34. Qf4+ Ke7 35. Qf8+ Kd7 36. Qd8+ Kc6 37. Qxd4 1-0

[Event "TUR-chT2"]
[Site "Konya"]
[Date "2018.07.11"]
[Round "2.9"]
[White "Kara, Ibrahim Afsin"]
[Black "Gucin, Zafer"]
[Result "1-0"]
[WhiteElo "1898"]
[BlackElo "2015"]
[PlyCount "79"]
[EventDate "2018.07.10"]
[EventType "team-swiss"]
[EventRounds "9"]
[EventCountry "TUR"]
[SourceTitle "EXT 2019"]
[Source "ChessBase"]
[SourceDate "2018.10.10"]
[SourceVersion "1"]
[SourceVersionDate "2018.10.10"]
[SourceQuality "1"]
[WhiteTeam "Kanya Gambit"]
[BlackTeam "Mercan Egitim"]
[WhiteTeamCountry "TUR"]
[BlackTeamCountry "TUR"]

1. e4 c5 2. Nf3 g6 3. Bc4 Bg7 4. c3 Nc6 5. 0-0 e6 6. Re1 Nge7 7. d3 0-0 8. Bg5 Na5 9. Qa4 Nxc4 10. Qxc4 f6 11. Bf4 d6 12. Nbd2 Kh8 13. d4 cxd4 14. cxd4 e5 15. dxe5 dxe5 16. Be3 Nc6 17. Nb3 Qe8 18. Nc5 b6 19. Nd3 Be6 20. Qa4 Rd8 21. Red1 Na5 22. Qxe8 Rfxe8 23. b3 Bf8 24. Rac1 Rd7 25. Kf1 Ba3 26. Rc3 Red8 27. Rd2 Be7 28. h3 Nb7 29. Ke2 Kg8 30. Nfe1 Nd6 31. f3 Nb5 32. Rc6 Kf7 33. g4 g5 34. Rdc2 h6 35. Rc1 Nd4+ 36. Bxd4 Rxd4 37. Rc7 R4d7 38. R1c6 Bd6 39. Rxd6 Rxc7 40. Rxd8 1-0

[Event "TUR-chT2"]
[Site "Konya"]
[Date "2017.07.15"]
[Round "9.10"]
[White "Kara, Ibrahim Afsin"]
[Black "Daloglu, Berkay"]
[Result "1/2-1/2"]
[WhiteElo "2015"]
[BlackElo "1691"]
[PlyCount "99"]
[EventDate "2017.07.09"]
[EventType "team-swiss"]
[EventRounds "9"]
[EventCountry "TUR"]
[SourceTitle "CBM 179 Extra"]
[Source "ChessBase"]
[SourceDate "2017.08.23"]
[SourceVersion "1"]
[SourceVersionDate "2017.08.23"]
[SourceQuality "1"]
[WhiteTeam "Selcuklu Belediyesi"]
[BlackTeam "Genclik Egitim"]
[WhiteTeamCountry "TUR"]
[BlackTeamCountry "TUR"]

1. e4 c5 2. Nf3 g6 3. Bc4 Nc6 4. c3 Bg7 5. d3 d6 6. h3 Nf6 7. Be3 0-0 8. Nbd2 e6 9. Bb3 b6 10. 0-0 Qc7 11. Bg5 Bb7 12. Rc1 Rad8 13. d4 e5 14. d5 Ne7 15. Nh2 h6 16. Bh4 g5 17. Bg3 Ng6 18. Qe1 Nh5 19. Bd1 Ngf4 20. Bxh5 Nxh5 21. c4 Bc8 22. Rc3 f5 23. exf5 Bxf5 24. Ne4 Qf7 25. Ra3 Rd7 26. f3 Qg6 27. Bf2 Bxe4 28. Qxe4 Qxe4 29. fxe4 Nf4 30. Nf3 Ne2+ 31. Kh2 Nd4 32. Be1 Rf4 33. Re3 Nc2 34. Re2 Nd4 35. Re3 Nc2 36. Rc3 Nd4 37. Nd2 a5 38. g3 Rxf1 39. Nxf1 Rf7 40. Kg2 Rb7 41. b3 Ra7 42. a4 Rf7 43. Bf2 h5 44. Bxd4 exd4 45. Rf3 Re7 46. Nd2 Kh7 47. Rf5 Kg6 48. g4 hxg4 49. hxg4 Be5 50. Kf3 1/2-1/2

[Event "TUR-chT2"]
[Site "Konya"]
[Date "2017.07.12"]
[Round "5.4"]
[White "Sozen, Abdullah"]
[Black "Kara, Ibrahim Afsin"]
[Result "1-0"]
[WhiteElo "1647"]
[BlackElo "2015"]
[PlyCount "127"]
[EventDate "2017.07.09"]
[EventType "team-swiss"]
[EventRounds "9"]
[EventCountry "TUR"]
[SourceTitle "CBM 179 Extra"]
[Source "ChessBase"]
[SourceDate "2017.08.23"]
[SourceVersion "1"]
[SourceVersionDate "2017.08.23"]
[SourceQuality "1"]
[WhiteTeam "Anadolu Besiktasililar"]
[BlackTeam "Selcuklu Belediyesi"]
[WhiteTeamCountry "TUR"]
[BlackTeamCountry "TUR"]

1. d4 b6 2. e4 Bb7 3. Nc3 e6 4. f4 g6 5. Nf3 Bg7 6. Bd3 Ne7 7. Be3 a6 8. Qd2 d6 9. 0-0 f6 10. f5 e5 11. dxe5 dxe5 12. Rad1 Nbc6 13. Ng5 Nd4 14. Nf3 c5 15. Nxe5 Qc7 16. Kh1 g5 17. Nf3 Nxf3 18. Rxf3 0-0-0 19. Qe2 b5 20. Qf2 b4 21. Na4 c4 22. Nb6+ Kb8 23. Nxc4 Bxe4 24. Bb6 Qc6 25. Na5 Qd5 26. Re3 Rd7 27. Qg3+ Rd6 28. Rxe4 Nxf5 29. Qe1 Rxb6 30. Re8+ Rxe8 31. Qxe8+ Kc7 32. Nc4 Rc6 33. Qa8 Nd6 34. Nxd6 Rxd6 35. Qa7+ Qb7 36. Qc5+ Qc6 37. Qxb4 Bf8 38. Qa5+ Kb7 39. Qf5 h5 40. Qh7+ Rd7 41. Bxa6+ Kc7 42. Qxd7+ Qxd7 43. Rxd7+ Kxd7 44. Kg1 Kc6 45. Kf2 Kd5 46. Ke3 Bc5+ 47. Kd3 g4 48. c3 Ke5 49. Bb7 Kf4 50. b4 Bg1 51. h3 gxh3 52. gxh3 f5 53. Bc8 Kg5 54. c4 Kf6 55. c5 Ke5 56. Bb7 h4 57. a4 Ke6 58. Bc8+ Kf6 59. a5 Bh2 60. b5 Bg1 61. Kc4 f4 62. Bg4 Ke5 63. a6 Ke4 64. a7 1-0

[Event "TUR-chT2"]
[Site "Konya"]
[Date "2017.07.10"]
[Round "3.4"]
[White "Taskaya, Fesih"]
[Black "Kara, Ibrahim Afsin"]
[Result "1-0"]
[WhiteElo "1649"]
[BlackElo "2015"]
[PlyCount "79"]
[EventDate "2017.07.09"]
[EventType "team-swiss"]
[EventRounds "9"]
[EventCountry "TUR"]
[SourceTitle "CBM 179 Extra"]
[Source "ChessBase"]
[SourceDate "2017.08.23"]
[SourceVersion "1"]
[SourceVersionDate "2017.08.23"]
[SourceQuality "1"]
[WhiteTeam "Onay"]
[BlackTeam "Selcuklu Belediyesi"]
[WhiteTeamCountry "TUR"]
[BlackTeamCountry "TUR"]

1. e4 b6 2. d4 Bb7 3. Nc3 e6 4. Nf3 a6 5. Be2 Ne7 6. 0-0 Ng6 7. d5 Be7 8. Bc4 0-0 9. Re1 b5 10. Bb3 Kh8 11. Ne2 c5 12. c4 d6 13. Ng3 Nd7 14. dxe6 Nb6 15. cxb5 c4 16. bxa6 Rxa6 17. Bc2 fxe6 18. Nd4 Qd7 19. Qg4 Bc8 20. Be3 Bf6 21. Qd1 Be5 22. a3 Qf7 23. Rb1 Nd7 24. Nf3 Bb7 25. Ng5 Qe7 26. Nxh7 Kxh7 27. Qh5+ Kg8 28. Qxg6 d5 29. exd5 exd5 30. Qh7+ Kf7 31. Qh5+ g6 32. Qh7+ Ke8 33. Qh3 Re6 34. Qg4 Nf6 35. Bxg6+ Kd8 36. Qd1 Bxg3 37. hxg3 Ne4 38. Bxe4 Rxe4 39. Qd2 Rh8 40. Bg5 1-0